Historia de la milagrosissima imagen de Nra. Sra. de Occotlan, que se venera extramuros de la ciudad de Tlaxcala

Detalles Bibliográficos
Autor principal: Loayzaga, Manuel, presbítero
Formato: Libro
Lenguaje:Undetermined
Spanish
Edición:Reimpresa
Materias:
Colección:Biblioteca José Lorenzo Cossío y Cosío
Acervo:Biblioteca José Lorenzo Cossío y Cosío
Época:Siglo 18
Descripción Física:[14] hojas, 146 páginas, [1] hoja 8°
Tipo de acervo:Fondo Antiguo
Tema general:Ocotlán, Nuestra Señora de - Aparición y milagros
Notas:texto a renglón seguido con apostillas marginales ; incluye índice
Propiedad en Custodia:Fundación Alfredo Harp Helú México, bajo la custodia de Apoyo al Desarrollo de Archivos y Bibliotecas de México
Nota de Acción:Limpieza de cantos y tapas, monitoreo de estado de conservación, en proyecto Conservación preventiva de la Biblioteca José Lorenzo Cossío y Cosío, del 3 de agosto al 30 de octubre de 2020, por el Centro de Conservación Restauración y Encuadernación de Adabi de México
Ilutración:ex libris en estampa: Lic. José L. Cossío ; letras capitulares ; viñetas intercaladas en el texto en grabado xilográfico
Ilutración dos:portada tipográfica con pleca en grabado xilográfico
Código de catalogador:CBC
LEADER 01904nam a2200289Ia 4500
008 221115s9999 xx 000 0 und d
040 |a Adabi  |b spa  |e rda 
041 |a spa 
090 |a 13372 
100 |a Loayzaga, Manuel,  |c presbítero, 
245 0 |a Historia de la milagrosissima imagen de Nra. Sra. de Occotlan, que se venera extramuros de la ciudad de Tlaxcala  |c dala a nueva luz reimpressa, y añadida el Br. D. Manuel Loayzaga, presbytero domiciliario del Obispado de la Puebla de los Angeles, Capellan del Santuario de la Señora treinta, y quatro años hà, y humilde siervo de la amabilissima reyna 
250 |a Reimpresa 
264 |a México  |b por la viuda de D. Joseph Hogal  |c 1750 
300 |a [14] hojas, 146 páginas, [1] hoja  |c 8° 
388 |a Siglo 18 
500 |a texto a renglón seguido con apostillas marginales ; incluye índice 
561 |a Fundación Alfredo Harp Helú México, bajo la custodia de Apoyo al Desarrollo de Archivos y Bibliotecas de México 
563 |a encuadernación en pergamino flexible 
583 |a Limpieza de cantos y tapas, monitoreo de estado de conservación, en proyecto Conservación preventiva de la Biblioteca José Lorenzo Cossío y Cosío, del 3 de agosto al 30 de octubre de 2020, por el Centro de Conservación Restauración y Encuadernación de Adabi de México 
597 |a ex libris en estampa: Lic. José L. Cossío ; letras capitulares ; viñetas intercaladas en el texto en grabado xilográfico 
599 |a portada tipográfica con pleca en grabado xilográfico 
650 |a Ocotlán, Nuestra Señora de - Aparición y milagros 
852 |a Biblioteca José Lorenzo Cossío y Cosío Adabi de México  |b Fondo Antiguo 
942 |c adabi 
945 |a CBC 
952 |0 0  |1 0  |4 0  |6 13372_000000000000000  |7 0  |9 2480  |a ADABI  |b ADABI  |d 2022-11-22  |i 13372  |o 13372  |p BJLCyC-FA-ADABI13372  |r 2022-11-22  |t 1  |w 2022-11-22  |y ADABI 
999 |c 1135321  |d 1135321